Formula one drivers line-up 2005 - Statistics

General Stats
  • This quiz has been taken 103 times
  • The average score is 22 of 27
Answer Stats
Constructor Rounds Driver Nationality % Correct
Renault All Fernando Alonso Spain
97%
Ferrari All Rubens Barrichello Brazil
94%
Ferrari All Michael Schumacher Germany
93%
Toyota All* Ralf Schumacher Germany
93%
BAR 1-4, 7-19 Jenson Button UK
90%
McLaren All Kimi Räikkönen Finland
90%
Williams All Mark Webber Australia
90%
Red Bull All David Coulthard UK
88%
Sauber All Felipe Massa Brazil
88%
Renault All Giancarlo Fisichella Italy
88%
Toyota All Jarno Trulli Italy
88%
McLaren 1-2, 5-19 Juan Pablo Montoya Colombia
87%
BAR 1-4, 7-19* Takuma Sato Japan
86%
McLaren 3 Pedro de la Rosa Spain
83%
Sauber All Jacques Villeneuve Canada
81%
Williams 1-15* Nick Heidfeld Germany
81%
Red Bull 1-3, 8-19 Christian Klien Austria
80%
Jordan All Narain Karthikeyan India
78%
McLaren 4 Alexander Wurz Austria
77%
Jordan All Tiago Monteiro Portugal
77%
Red Bull 4-7 Vitantonio Liuzzi Italy
75%
BAR 2 Anthony Davidson UK
70%
Minardi All Christijan Albers Netherlands
67%
Minardi 12-19 Robert Doornbos Netherlands
67%
Williams 15-19 Antônio Pizzonia Brazil
64%
Minardi 1-11 Patrick Friesacher Austria
61%
Toyota 9 Ricardo Zonta Brazil
61%
No matching quizzes found
Score Distribution
Percent of People with Each Score
Percentile by Number Answered
Your Score History
You have not taken this quiz